000 00592nam a2200217Ia 4500
003 OSt
005 20220925215200.0
006 a|||||r|||| 00| 0
007 ta
008 220923b |||||||| |||| 00| 0 eng d
037 _cGeneral Book
040 _aRTL
_cRTL
_beng
041 _2eng
_aeng
082 _aY:351:g, L9
100 _aZipes Jack
_9282339
245 0 _aBreaking the magic spell
_b Radical theories of fol
260 _aLondon
_bHeinemann
_c1979
300 _a201p
_ccm.
942 _hY:351:g, L9
_cGB
_2CC
999 _c568132
_d568132